| 000 | 01141nam a2200313 i 4500 | ||
|---|---|---|---|
| 001 | 000027008 | ||
| 003 | DO-SdBNP | ||
| 005 | 20250626155353.0 | ||
| 007 | ta | ||
| 008 | 110328s2010 dr acg 000 0 spa d | ||
| 020 | _a9789945454192 | ||
| 040 |
_aDO-SdBNP _bspa _cBNPHU _erda |
||
| 041 | _aspa | ||
| 082 |
_axxx _bB446c |
||
| 100 |
_aCamps Jiménezj, Miguel de, _eautor _4aut. _954106 |
||
| 245 | 1 | 0 |
_aPara comprender mejor el Himno Nacional Dominicano / _cMiguel de Camps Jiménez ; asesor, Julio de Windt ; colaborador, Juan Gilberto Núñez ; ilustración, Henry Santana |
| 264 | 4 |
_aSanto Domingo : _bEditora Manatí, _c©2010. |
|
| 300 |
_a135 páginas : _bilustraciones, retratos, música ; _c24 cm. |
||
| 336 |
_atexto _btxt _2rdacontent |
||
| 337 |
_asin mediación _bn _2rdamedia |
||
| 338 |
_avolumen _bnc _2rdacarrier |
||
| 500 | _aIncluye índice | ||
| 504 | _aBibliografía : páginas 129-132 | ||
| 590 | _aInventariado, 2025/BT | ||
| 700 | 1 |
_aWindt, Julio de, _easesor _4as. _957061 |
|
| 700 | 1 |
_aNúñez, Juan Gilberto, _ecolaborador _4col. _934480 |
|
| 700 | 1 |
_aSantana, Henry, _eilustrador _4il _988200 |
|
| 942 |
_2ddc _cLBS1 |
||
| 999 |
_c26500 _d26500 |
||